000 00495nam a2200193Ia 4500
005 20250326130101.0
008 250326s9999 xx 000 0 und d
037 _aTextbook
040 _aFMSL
_beng
_cFMSL
041 _aeng
_2eng
084 _aX L4
_qFMSL
100 _aJhingan M L
245 0 _aEconomic development
_cJhingan M L
250 _a3
260 _aNew Delhi
_bNew Delhi, Oxford University
_c1974
300 _a85p
942 _cTB
_hX L4
999 _c1280842
_d1280842